Perkembangan Orang Rimba di Provinsi Jambi, Sumatera, Indonesia 1999 - 2009 /
Saved in:
| 主要作者: | |
|---|---|
| 格式: | Thesis 圖書 |
| 語言: | Malay |
| 出版: |
2012.
|
| 主題: | |
| 標簽: |
添加標簽
沒有標簽, 成為第一個標記此記錄!
|
| LEADER | 00950cam a2200253 a 4500 | ||
|---|---|---|---|
| 001 | u855970 | ||
| 003 | SIRSI | ||
| 005 | 201205071238 | ||
| 008 | 120507s2012 my a t 000 0 may m | ||
| 040 | |a UMM | ||
| 090 | |a D7 |b UMP 2012 Mul | ||
| 100 | 0 | |a Mul Amri. | |
| 245 | 1 | 0 | |a Perkembangan Orang Rimba di Provinsi Jambi, Sumatera, Indonesia 1999 - 2009 / |c Mul Amri. |
| 260 | |c 2012. | ||
| 300 | |a [3] xiii, 475 leaves : |b ill. ; |c 30 cm. | ||
| 502 | |a Thesis (Ph.D) -- Jabatan Sejarah, Fakulti Sastera dan Sains Sosial, Universiti Malaya, 2012. | ||
| 504 | |a Bibliography: leaves 455-475. | ||
| 650 | 0 | |a Indigenous peoples |z Jambi (Indonesia) |x History. | |
| 650 | 0 | |a Orang Rimba (Indonesian people) |x History. | |
| 651 | 0 | |a Jambi (Indonesia : Province) |x History. | |
| 710 | 2 | 0 | |a Universiti Malaya. |b Jabatan Sejarah. |
| 900 | |a ZA | ||
| 596 | |a 1 | ||
| 999 | |a D7 UMP 2012 MUL |w LC |c 1 |i A514964652 |d 27/11/2012 |f 27/11/2012 |g 1 |l STACKS |m P01UTAMA |r Y |s Y |t TESIS |u 27/11/2012 | ||
